[Event "Suwalki Warakomska Memorial-B 1st"]
[Site "Suwalki"]
[Date "2017.08.12"]
[Round "2"]
[White "Ostrowska, Dominika"]
[Black "Kowalec, Maciej"]
[Result "0-1"]
[WhiteElo "1926"]
[BlackElo "2038"]
[PlyCount "90"]
[EventDate "2017.08.11"]
[EventType "swiss"]
[EventRounds "9"]
[EventCountry "POL"]
[SourceTitle "CBM 180 Extra"]
[Source "ChessBase"]
[SourceDate "2017.10.06"]
[SourceVersion "1"]
[SourceVersionDate "2017.10.06"]
[SourceQuality "1"]

1. e4 e6 2. d4 d5 3. Nd2 c5 4. c3 Nc6 5. Ne2 Qb6 6. Qb3 cxd4 7. Qxb6 axb6 8. Nxd4 Nxd4 9. cxd4 dxe4 10. Bb5+ Bd7 11. Bxd7+ Kxd7 12. Nc4 Ra6 13. Bf4 f6 14. 0-0 b5 15. Nd2 f5 16. f3 exf3 17. Nxf3 Bd6 18. Bxd6 Kxd6 19. Rfc1 Nf6 20. Rc5 b6 21. Rxb5 Rc8 22. Ng5 h6 23. Nf7+ Ke7 24. Ne5 Nd5 25. Rb3 Ra4 26. Nf3 g5 27. Re1 g4 28. Ne5 Rxd4 29. Ra3 Rd2 30. Ra7+ Rc7 31. Rxc7+ Nxc7 32. Nc4 Rc2 33. b3 Nd5 34. a4 h5 35. Ne3 Nxe3 36. Rxe3 Kf6 37. Rd3 Rb2 38. Re3 h4 39. h3 g3 40. Kf1 Rf2+ 41. Kg1 Rb2 42. Kf1 Rb1+ 43. Ke2 Rg1 44. Kf3 Rf1+ 45. Ke2 Rf2+ 0-1

[Event "Warsaw Najdorf Memorial op-B 13th"]
[Site "Warsaw"]
[Date "2015.07.12"]
[Round "3"]
[White "Ostrowska, Dominika"]
[Black "Sliwerski, Radoslaw"]
[Result "0-1"]
[WhiteElo "1964"]
[BlackElo "2115"]
[PlyCount "142"]
[EventDate "2015.07.10"]
[EventType "swiss"]
[EventRounds "9"]
[EventCountry "POL"]
[SourceTitle "CBM 167 Extra"]
[Source "ChessBase"]
[SourceDate "2015.09.14"]
[SourceVersion "1"]
[SourceVersionDate "2015.09.14"]
[SourceQuality "1"]

1. e4 c5 2. Nf3 d6 3. d4 cxd4 4. Nxd4 Nf6 5. Nc3 a6 6. Be3 e5 7. Nb3 Be6 8. Qd2 Be7 9. f3 Nbd7 10. 0-0-0 b5 11. g4 h6 12. Nd5 Bxd5 13. exd5 Nb6 14. Bxb6 Qxb6 15. h4 a5 16. Qe2 b4 17. Qb5+ Nd7 18. Qxb6 Nxb6 19. Bb5+ Kf8 20. Bc6 Ra7 21. Nd2 g6 22. Kb1 Kg7 23. h5 g5 24. Ne4 Rb8 25. Ng3 Nc8 26. Nf5+ Kh7 27. Rd3 a4 28. Re1 Bf8 29. Re4 Ra5 30. c3 bxc3 31. Rxc3 Na7 32. Bxa4 Rxd5 33. Rc7 Nb5 34. Bxb5 Rdxb5 35. b3 R8b7 36. Rxb7 Rxb7 37. Kb2 Rd7 38. Ra4 d5 39. Ra8 Bc5 40. Ra6 e4 41. Rc6 Ba7 42. fxe4 dxe4 43. Rc4 e3 44. Re4 Rd2+ 45. Kc3 Rxa2 46. Nxe3 Bxe3 47. Rxe3 Rf2 48. Re4 Kg7 49. b4 f5 50. gxf5 Rxf5 51. Kc4 Kf6 52. b5 Rf1 53. Kc5 Kf5 54. Re8 Kg4 55. b6 Rc1+ 56. Kd6 Rb1 57. Kc7 Rc1+ 58. Kb8 Kxh5 59. b7 Kg4 60. Re4+ Kf3 61. Rb4 g4 62. Ka7 Rc7 63. Kb6 Rxb7+ 64. Kxb7 h5 65. Kc6 g3 66. Rb3+ Kg4 67. Kd5 h4 68. Ke4 g2 69. Rb8 Kg3 70. Rb3+ Kh2 71. Rb2 Kh1 0-1

[Event "EU-ch U18 Girls"]
[Site "Albena"]
[Date "2011.09.18"]
[Round "7"]
[White "Ostrowska, Dominika"]
[Black "Perera Borrego, Mariela"]
[Result "1/2-1/2"]
[WhiteElo "1942"]
[BlackElo "2080"]
[PlyCount "91"]
[EventDate "2011.09.11"]
[EventType "swiss"]
[EventRounds "9"]
[EventCountry "BUL"]
[SourceTitle "CBM 144 Extra"]
[Source "ChessBase"]
[SourceDate "2011.10.28"]
[SourceVersion "1"]
[SourceVersionDate "2011.10.28"]
[SourceQuality "1"]

1. e4 d6 2. d4 Nf6 3. Nc3 e5 4. Nf3 Nbd7 5. Bc4 Be7 6. 0-0 0-0 7. a4 a5 8. Re1 c6 9. h3 Nb6 10. Bf1 exd4 11. Nxd4 d5 12. e5 Ne8 13. Bd3 g6 14. b3 Bc5 15. Nce2 f6 16. e6 Ng7 17. Be3 Qc7 18. c3 Bxe6 19. Bh6 Bf7 20. Nf4 Bxd4 21. cxd4 Qd7 22. h4 Rfe8 23. Rxe8+ Rxe8 24. Qf3 Nf5 25. Nh5 gxh5 26. Bxf5 Qd6 27. Qd3 Kh8 28. Bd2 Nd7 29. Bxh7 Nf8 30. Bf5 Kg7 31. Qf3 Ng6 32. g3 Ne7 33. Bd3 f5 34. Re1 Bg6 35. Bf4 Qd7 36. Be5+ Kf7 37. Qf4 Ng8 38. g4 hxg4 39. h5 Bh7 40. Qg5 Kf8 41. h6 Re7 42. f3 gxf3 43. Kf2 Ke8 44. Kxf3 Qe6 45. Qh4 Kd7 46. Qh2 1/2-1/2

[Event "EU-ch U18 Girls"]
[Site "Albena"]
[Date "2011.09.14"]
[Round "4"]
[White "Collado Barbas, Laura"]
[Black "Ostrowska, Dominika"]
[Result "1-0"]
[WhiteElo "2057"]
[BlackElo "1942"]
[PlyCount "63"]
[EventDate "2011.09.11"]
[EventType "swiss"]
[EventRounds "9"]
[EventCountry "BUL"]
[SourceTitle "CBM 144 Extra"]
[Source "ChessBase"]
[SourceDate "2011.10.28"]
[SourceVersion "1"]
[SourceVersionDate "2011.10.28"]
[SourceQuality "1"]

1. d4 d5 2. c4 c6 3. Nf3 Nf6 4. e3 g6 5. b3 Bg7 6. Bb2 0-0 7. Bd3 Bg4 8. Nbd2 Nbd7 9. 0-0 Re8 10. h3 Bxf3 11. Nxf3 e6 12. Rc1 Rc8 13. Ne5 c5 14. f4 Ne4 15. cxd5 exd5 16. Bb5 Nef6 17. dxc5 Nxc5 18. Bxe8 Qxe8 19. b4 Nce4 20. Rxc8 Qxc8 21. Qd3 Qe6 22. Rc1 Ne8 23. Bd4 a6 24. Nf3 Bxd4 25. Nxd4 Qd7 26. Nb3 N8f6 27. Nc5 Nxc5 28. Rxc5 Kg7 29. Qc3 Qe6 30. g4 Kg8 31. Qe5 Ne4 32. Rxd5 1-0

[Event "EU-ch U18 Girls"]
[Site "Albena"]
[Date "2011.09.12"]
[Round "2"]
[White "Ostrowska, Dominika"]
[Black "Kolaric, Spela"]
[Result "1-0"]
[WhiteElo "1942"]
[BlackElo "2102"]
[PlyCount "51"]
[EventDate "2011.09.11"]
[EventType "swiss"]
[EventRounds "9"]
[EventCountry "BUL"]
[SourceTitle "CBM 144 Extra"]
[Source "ChessBase"]
[SourceDate "2011.10.28"]
[SourceVersion "1"]
[SourceVersionDate "2011.10.28"]
[SourceQuality "1"]

1. e4 d5 2. exd5 Qxd5 3. Nc3 Qa5 4. d4 Nf6 5. Bc4 c6 6. h3 Bf5 7. Nf3 e6 8. 0-0 Nbd7 9. Re1 Be7 10. Qe2 h6 11. Bd2 g5 12. d5 cxd5 13. Nxd5 Qd8 14. Nd4 Be4 15. Nxf6+ Nxf6 16. Bb5+ Kf8 17. Bc3 a6 18. Rad1 Qc8 19. Bc4 Rg8 20. Nxe6+ fxe6 21. Bxf6 Bxf6 22. Qxe4 Rg7 23. Bxe6 Qc7 24. Bb3 Qf4 25. Qe6 Bd4 26. Qxh6 1-0

[Event "Warsaw Najdorf Memorial op-B"]
[Site "Warsaw"]
[Date "2011.07.20"]
[Round "7"]
[White "Ostrowska, Dominika"]
[Black "Smal, Tobiasz"]
[Result "1-0"]
[WhiteElo "1942"]
[BlackElo "1711"]
[PlyCount "89"]
[EventDate "2011.07.14"]
[EventType "swiss"]
[EventRounds "9"]
[EventCountry "POL"]
[SourceTitle "EXT 2012"]
[Source "ChessBase"]
[SourceDate "2011.11.24"]
[SourceVersion "1"]
[SourceVersionDate "2011.11.24"]
[SourceQuality "1"]

1. e4 e6 2. d4 d5 3. Nc3 Nf6 4. Bg5 Be7 5. e5 Nfd7 6. Bxe7 Qxe7 7. f4 a6 8. Nf3 c5 9. Bd3 c4 10. Be2 b5 11. a3 Nc6 12. 0-0 f5 13. exf6 Nxf6 14. Ne5 Bd7 15. Bh5+ Nxh5 16. Qxh5+ g6 17. Nxg6 Qf7 18. f5 0-0-0 19. fxe6 Qxg6 20. exd7+ Rxd7 21. Qxg6 hxg6 22. Rad1 Kc7 23. Rf6 Rh4 24. Rxg6 Rd6 25. Rxd6 Kxd6 26. Ne2 b4 27. a4 b3 28. cxb3 cxb3 29. Rd3 Na5 30. g3 Rh8 31. h4 Rb8 32. Nc1 Ke6 33. Kg2 Kf5 34. Kf3 Nc4 35. g4+ Kf6 36. Kf4 Nxb2 37. Rxb3 Rxb3 38. Nxb3 Nxa4 39. g5+ Ke6 40. h5 Nb6 41. Nc5+ Kf7 42. Nxa6 Ke6 43. Nc5+ Kd6 44. h6 Nc8 45. g6 1-0

[Event "Warsaw Najdorf Memorial op-B"]
[Site "Warsaw"]
[Date "2011.07.19"]
[Round "6"]
[White "Suliborski, Jakub"]
[Black "Ostrowska, Dominika"]
[Result "1-0"]
[WhiteElo "1967"]
[BlackElo "1942"]
[PlyCount "77"]
[EventDate "2011.07.14"]
[EventType "swiss"]
[EventRounds "9"]
[EventCountry "POL"]
[SourceTitle "EXT 2012"]
[Source "ChessBase"]
[SourceDate "2011.11.24"]
[SourceVersion "1"]
[SourceVersionDate "2011.11.24"]
[SourceQuality "1"]

1. e4 e5 2. Nf3 Nc6 3. d4 exd4 4. Nxd4 Qf6 5. Be3 Bc5 6. Nb5 Bxe3 7. fxe3 Qh4+ 8. g3 Qxe4 9. Nxc7+ Kd8 10. Nxa8 Nf6 11. Nc3 Qxe3+ 12. Qe2 Qd4 13. Qd3 Re8+ 14. Be2 Qxd3 15. cxd3 Nd4 16. Kd2 b6 17. Nxb6 axb6 18. Rae1 Bb7 19. Rhf1 b5 20. Bd1 Rxe1 21. Rxe1 b4 22. Ne4 Nd5 23. a3 bxa3 24. bxa3 f5 25. Nd6 Bc6 26. Rf1 g6 27. Nc4 Kc7 28. h4 d6 29. Ne3 h5 30. Nxd5+ Bxd5 31. Ke3 Nb3 32. Bxb3 Bxb3 33. Rb1 Ba4 34. Rb4 Bd7 35. a4 Kc6 36. d4 Kc7 37. a5 Bc6 38. a6 Ba8 39. a7 1-0

[Event "Warsaw Najdorf Memorial op-B"]
[Site "Warsaw"]
[Date "2011.07.14"]
[Round "1"]
[White "Ostrowska, Dominika"]
[Black "Budrewicz, Henryk"]
[Result "1-0"]
[WhiteElo "1942"]
[BlackElo "1607"]
[PlyCount "73"]
[EventDate "2011.07.14"]
[EventType "swiss"]
[EventRounds "9"]
[EventCountry "POL"]
[SourceTitle "EXT 2012"]
[Source "ChessBase"]
[SourceDate "2011.11.24"]
[SourceVersion "1"]
[SourceVersionDate "2011.11.24"]
[SourceQuality "1"]

1. e4 c5 2. Nf3 g6 3. d4 Bg7 4. Nc3 cxd4 5. Nxd4 Nc6 6. Nb3 d6 7. Be2 Nf6 8. 0-0 0-0 9. Bg5 a6 10. f4 b5 11. Bf3 Qc7 12. Re1 Rd8 13. Nd5 Qa7+ 14. Kh1 Bb7 15. a4 b4 16. a5 Rac8 17. Ra4 Rb8 18. Qd2 Nxd5 19. exd5 Nd4 20. Nxd4 Bxd4 21. Rxb4 Bc5 22. Rbe4 e6 23. Bxd8 Rxd8 24. c4 Rb8 25. b4 Bf2 26. Rf1 Bh4 27. f5 Be7 28. fxe6 f5 29. Ree1 Rc8 30. c5 Qb8 31. c6 Ba8 32. Be2 Bxc6 33. dxc6 Rxc6 34. Qd5 Qc7 35. b5 Rc5 36. Qa8+ Kg7 37. b6 1-0

[Event "POL-ch U18 Girls"]
[Site "Murzasichle"]
[Date "2011.03.11"]
[Round "8"]
[White "Ostrowska, Dominika"]
[Black "Adamowicz, Katarzyna"]
[Result "1-0"]
[WhiteElo "1930"]
[BlackElo "2100"]
[PlyCount "133"]
[EventDate "2011.03.05"]
[EventType "swiss"]
[EventRounds "9"]
[EventCountry "POL"]
[SourceTitle "EXT 2012"]
[Source "ChessBase"]
[SourceDate "2011.11.24"]
[SourceVersion "1"]
[SourceVersionDate "2011.11.24"]
[SourceQuality "1"]

1. e4 c5 2. Nf3 Nc6 3. d4 cxd4 4. Nxd4 Qb6 5. Nb3 Nf6 6. Nc3 e6 7. Be3 Qc7 8. a3 a6 9. Be2 b5 10. 0-0 Bb7 11. f4 d6 12. Bf3 Be7 13. Qe2 0-0 14. g4 Rfe8 15. g5 Nd7 16. Bg2 Nf8 17. f5 Qd8 18. f6 gxf6 19. Qh5 Ne5 20. gxf6 Bxf6 21. Rf2 Bh4 22. Raf1 Bxf2+ 23. Rxf2 f6 24. Nd4 Kh8 25. Bh3 Bc8 26. Nce2 Nfg6 27. Ng3 Qe7 28. Qe2 Rg8 29. Kh1 Nh4 30. Qh5 f5 31. exf5 Bb7+ 32. Kg1 Nhf3+ 33. Nxf3 Nxf3+ 34. Rxf3 Bxf3 35. Qxf3 e5 36. f6 Qf7 37. Bh6 Rae8 38. Kh1 Rg6 39. Bg7+ Rxg7 40. fxg7+ Qxg7 41. Qc6 Qf8 42. Bf5 Qe7 43. Qxa6 Rb8 44. Qc6 Rd8 45. Be4 Qf7 46. Qb7 Rd7 47. Qc8+ Kg7 48. Nf5+ Kf6 49. Ne3 Kg5 50. Qc3 Qf2 51. Bg2 Rg7 52. Nd5 h5 53. Qg3+ Qxg3 54. hxg3 Rf7 55. Nc3 Kg4 56. Nxb5 Kxg3 57. Nxd6 Rc7 58. c4 h4 59. Bd5 h3 60. c5 h2 61. c6 Kh3 62. Be6+ Kg3 63. Bd7 Kf3 64. Nb5 e4 65. Nxc7 e3 66. Ne6 Ke4 67. Nd4 1-0

[Event "POL-ch U18 Girls"]
[Site "Murzasichle"]
[Date "2011.03.08"]
[Round "5"]
[White "Ostrowska, Dominika"]
[Black "Palka, Dominika"]
[Result "1-0"]
[WhiteElo "1930"]
[BlackElo "1766"]
[PlyCount "95"]
[EventDate "2011.03.05"]
[EventType "swiss"]
[EventRounds "9"]
[EventCountry "POL"]
[SourceTitle "EXT 2012"]
[Source "ChessBase"]
[SourceDate "2011.11.24"]
[SourceVersion "1"]
[SourceVersionDate "2011.11.24"]
[SourceQuality "1"]

1. e4 e5 2. Nf3 Nc6 3. Bb5 a6 4. Ba4 d6 5. Bxc6+ bxc6 6. d4 f6 7. Be3 g6 8. Qd2 Bg7 9. Nc3 Be6 10. 0-0-0 Qb8 11. Kb1 Qb4 12. b3 Ne7 13. dxe5 dxe5 14. Ne1 0-0 15. Nd3 Qa5 16. Kb2 f5 17. f3 Rab8 18. h4 Nc8 19. Rb1 Rd8 20. Qe1 Bf8 21. Nc1 Bb4 22. N1e2 Nd6 23. Ka1 Nb5 24. Kb2 Na3 25. Bc1 Nxb1 26. Kxb1 Bc4 27. Bb2 Bxe2 28. Qxe2 Qc5 29. Na4 Qb5 30. c4 Qa5 31. exf5 gxf5 32. c5 Rd5 33. Qf2 Bxc5 34. Qg3+ Kf7 35. Nc3 Rd2 36. Qg5 Rbd8 37. Qxf5+ Kg8 38. Qe6+ Kf8 39. Qh6+ Kg8 40. Ne4 Rxb2+ 41. Kxb2 Bd4+ 42. Kb1 Qb5 43. Rd1 Rb8 44. Ng5 Qd5 45. Qxh7+ Kf8 46. Qh8+ Qg8 47. Qf6+ Ke8 48. Qxc6+ 1-0

[Event "Polanica Zdroj op-A 47th"]
[Site "Polanica Zdroj"]
[Date "2011.??.??"]
[Round "9"]
[White "Ostrowska, Dominika"]
[Black "Chomczyk, Marek"]
[Result "1/2-1/2"]
[WhiteElo "1942"]
[BlackElo "1718"]
[PlyCount "118"]
[EventDate "2011.08.19"]
[EventType "swiss"]
[EventRounds "9"]
[EventCountry "POL"]
[SourceTitle "CBM 144 Extra"]
[Source "ChessBase"]
[SourceDate "2011.10.28"]
[SourceVersion "1"]
[SourceVersionDate "2011.10.28"]
[SourceQuality "1"]

1. e4 e5 2. Nf3 Nc6 3. Bb5 a6 4. Ba4 d6 5. d4 b5 6. Bb3 Nxd4 7. Nxd4 exd4 8. Bd5 Rb8 9. Qxd4 c5 10. Qd3 Ne7 11. Bg5 Qa5+ 12. Nd2 Nxd5 13. exd5 Be7 14. Bxe7 Kxe7 15. 0-0 g6 16. Rfe1+ Kf8 17. Qg3 Qd8 18. Ne4 Rb6 19. Qc3 f6 20. Nxf6 Kf7 21. Ne4 Re8 22. Qg3 Bf5 23. Ng5+ Kg8 24. Ne6 Qf6 25. Nf4 Rbb8 26. c3 Kf7 27. Rxe8 Rxe8 28. a4 bxa4 29. f3 Bd7 30. Nh3 Re5 31. Rd1 Bxh3 32. Qxh3 h5 33. f4 Re4 34. g3 Qe7 35. Qf1 Re2 36. f5 Qe3+ 37. Kh1 Qe4+ 38. Kg1 gxf5 39. h3 Rxb2 40. c4 Qc2 41. Rd2 Qxd2 42. Qxf5+ Ke7 43. Qe6+ Kd8 44. Qxd6+ Kc8 45. Qc6+ Kb8 46. Qd6+ Ka8 47. Qc6+ Rb7 48. Qc8+ Ka7 49. Qxc5+ Kb8 50. Qf8+ Kc7 51. Qe7+ Kb6 52. Qd6+ Ka5 53. Qc5+ Rb5 54. cxb5 Qe1+ 55. Kg2 Qe4+ 56. Kg1 Qe1+ 57. Kg2 axb5 58. d6 Qe2+ 59. Kg1 Qe1+ 1/2-1/2

[Event "POL-chT U19 1st League"]
[Site "Ustron"]
[Date "2011.??.??"]
[Round "3.5"]
[White "Ostrowska, Dominika"]
[Black "Delekta, Anna"]
[Result "1/2-1/2"]
[WhiteElo "1936"]
[BlackElo "1699"]
[PlyCount "138"]
[EventDate "2011.06.24"]
[EventType "team-tourn"]
[EventRounds "9"]
[EventCountry "POL"]
[SourceTitle "EXT 2015"]
[Source "ChessBase"]
[SourceDate "2014.11.20"]
[SourceVersion "1"]
[SourceVersionDate "2014.11.20"]
[SourceQuality "1"]
[WhiteTeam "Suwalki Hancza U19"]
[BlackTeam "Gorzow Wielkopolski Stilon U19 II"]
[WhiteTeamCountry "POL"]
[BlackTeamCountry "POL"]

1. e4 e5 2. Nf3 Nc6 3. Bb5 a6 4. Ba4 Nf6 5. 0-0 b5 6. Bb3 Be7 7. Re1 d6 8. c3 Na5 9. Bc2 0-0 10. d3 Bg4 11. h3 Bh5 12. Nbd2 c5 13. Nf1 Qd7 14. Ng3 Bg6 15. d4 Rad8 16. Nh4 Qc7 17. d5 b4 18. cxb4 cxb4 19. Ngf5 Nb7 20. a3 bxa3 21. Rxa3 Rb8 22. Nxe7+ Qxe7 23. Nxg6 fxg6 24. Rxa6 Nc5 25. Ra3 Rb4 26. Qe2 Nfxe4 27. Bxe4 Rxe4 28. Re3 Rd4 29. Rd1 Rdf4 30. Rf1 Qf7 31. Rc3 Re4 32. Be3 Qxd5 33. Rd1 Qe6 34. f3 Rb4 35. Rxd6 Qxd6 36. Bxc5 Qb8 37. Bxb4 Qxb4 38. Qc4+ Qxc4 39. Rxc4 Rb8 40. b4 Kf7 41. Kf2 Ke6 42. Ke3 g5 43. Kd3 h5 44. Kc3 Kf5 45. Rc7 g6 46. Kc4 g4 47. hxg4+ hxg4 48. b5 gxf3 49. gxf3 g5 50. Rf7+ Kg6 51. Rc7 Kf5 52. Rf7+ Kg6 53. Rd7 Kf5 54. Kc5 Kf4 55. Rf7+ Ke3 56. Rf5 Rg8 57. Kd5 Rb8 58. Kc6 Rg8 59. b6 e4 60. fxe4 Kxe4 61. Ra5 g4 62. b7 Rb8 63. Ra8 Rxb7 64. Kxb7 g3 65. Kc6 g2 66. Rg8 Kf3 67. Kd5 Kf2 68. Rf8+ Ke3 69. Rg8 Kf2 1/2-1/2

[Event "Polanica Zdroj op-A 47th"]
[Site "Polanica Zdroj"]
[Date "2011.??.??"]
[Round "2"]
[White "Ostrowska, Dominika"]
[Black "Palka, Dominika"]
[Result "1-0"]
[WhiteElo "1942"]
[BlackElo "1786"]
[PlyCount "57"]
[EventDate "2011.08.19"]
[EventType "swiss"]
[EventRounds "9"]
[EventCountry "POL"]
[SourceTitle "CBM 144 Extra"]
[Source "ChessBase"]
[SourceDate "2011.10.28"]
[SourceVersion "1"]
[SourceVersionDate "2011.10.28"]
[SourceQuality "1"]

1. e4 e5 2. Nf3 Nc6 3. Bb5 a6 4. Ba4 d6 5. Bxc6+ bxc6 6. d4 exd4 7. Qxd4 c5 8. Qd3 Bb7 9. Nc3 Nf6 10. 0-0 Be7 11. Re1 0-0 12. b3 Re8 13. Bb2 Nd7 14. Nd5 Bf8 15. Rad1 a5 16. a4 Ba6 17. c4 Nb8 18. e5 c6 19. Nf4 d5 20. e6 f6 21. Qf5 d4 22. Rd3 Qe7 23. Nh4 Bc8 24. Rh3 h6 25. Qg6 Kh8 26. Nf5 Qd8 27. Qf7 Qd7 28. Ng6+ Kh7 29. Rxh6# 1-0

[Event "POL-chT U19 1st League"]
[Site "Ustron"]
[Date "2011.??.??"]
[Round "1.11"]
[White "Ostrowska, Dominika"]
[Black "Wozniak, Mariola"]
[Result "1/2-1/2"]
[WhiteElo "1936"]
[BlackElo "1788"]
[PlyCount "122"]
[EventDate "2011.06.24"]
[EventType "team-tourn"]
[EventRounds "9"]
[EventCountry "POL"]
[SourceTitle "EXT 2015"]
[Source "ChessBase"]
[SourceDate "2014.11.20"]
[SourceVersion "1"]
[SourceVersionDate "2014.11.20"]
[SourceQuality "1"]
[WhiteTeam "Suwalki Hancza U19"]
[BlackTeam "Krakow KKSz 1893"]
[WhiteTeamCountry "POL"]
[BlackTeamCountry "POL"]

1. e4 d5 2. exd5 Qxd5 3. Nc3 Qd6 4. d4 Nf6 5. Nf3 a6 6. g3 Bg4 7. Bg2 Nc6 8. Be3 0-0-0 9. 0-0 e5 10. dxe5 Nxe5 11. Qxd6 Bxd6 12. Nxe5 Bxe5 13. Na4 Nd5 14. Ba7 Bd7 15. Nc5 Bg4 16. c4 b6 17. cxd5 bxc5 18. Bxc5 Bxb2 19. Rab1 Be5 20. Rb4 Bf5 21. g4 Bd3 22. Rd1 a5 23. f4 axb4 24. fxe5 Bc4 25. Bxb4 Bxa2 26. d6 cxd6 27. exd6 Kd7 28. Re1 Rhe8 29. Re7+ Rxe7 30. dxe7 Rb8 31. Ba3 f6 32. Be4 Bf7 33. Bf5+ Kc6 34. Kf2 Be8 35. h4 Rb3 36. Bc1 Kd6 37. Bxh7 Kxe7 38. Be4 Rh3 39. h5 Bxh5 40. gxh5 Rxh5 41. Bg6 Rh3 42. Bf5 Rb3 43. Be3 Kf7 44. Kf3 g6 45. Be4 Rb5 46. Bd3 Ra5 47. Bc4+ Kg7 48. Be6 g5 49. Bd7 Re5 50. Bc1 Kg6 51. Bb2 Re7 52. Bb5 Rb7 53. Bd3+ f5 54. Be5 g4+ 55. Ke3 Rb3 56. Bf4 Rb4 57. Bc2 Rc4 58. Bd3 Rc1 59. Kf2 Rc3 60. Ke3 Rb3 61. Ke2 Rb2+ 1/2-1/2

[Event "Plzen op 2nd"]
[Site "Plzen"]
[Date "2010.12.10"]
[Round "8"]
[White "Ostrowska, Dominika"]
[Black "Jiruse, Josef"]
[Result "0-1"]
[WhiteElo "1926"]
[BlackElo "2059"]
[PlyCount "164"]
[EventDate "2010.12.04"]
[EventType "swiss"]
[EventRounds "9"]
[EventCountry "CZE"]
[SourceTitle "CBM 139 Extra"]
[Source "ChessBase"]
[SourceDate "2011.01.05"]
[SourceVersion "1"]
[SourceVersionDate "2011.01.05"]
[SourceQuality "1"]

1. e4 c5 2. Nf3 e6 3. d4 cxd4 4. Nxd4 Nf6 5. Nc3 Nc6 6. Be2 Bb4 7. 0-0 0-0 8. Bg5 Qa5 9. Bxf6 gxf6 10. Nb3 Qg5 11. f4 Qh6 12. Rf3 Kh8 13. Bd3 Rg8 14. Kh1 a6 15. Qe2 Bxc3 16. bxc3 Qh5 17. Raf1 b5 18. Qe3 Rg4 19. Rh3 Rh4 20. Rxh4 Qxh4 21. Rf3 Qh5 22. Be2 Qh6 23. Rh3 Qg7 24. Rh5 Bb7 25. Nc5 Rg8 26. Qh3 Bc8 27. Bf3 Ne7 28. f5 d6 29. Nd3 Nc6 30. Rh4 Ne5 31. Nf4 exf5 32. exf5 Nxf3 33. Qxf3 Bxf5 34. Nd5 Qg5 35. Rf4 Re8 36. h3 Re5 37. Ne3 Be6 38. Ng4 Bxg4 39. Rxg4 Re1+ 40. Kh2 Qe5+ 41. Rg3 Re4 42. Qf2 h5 43. Qa7 Qe8 44. Qf2 Qe5 45. Qa7 h4 46. Qb8+ Qe8 47. Qxe8+ Rxe8 48. Rd3 Re6 49. Rd4 Kg7 50. Kg1 Re1+ 51. Kf2 Ra1 52. Rxd6 Rxa2 53. Rd2 a5 54. Ke3 a4 55. Kd3 Rb2 56. Rd1 a3 57. Ra1 a2 58. Kd2 Kg6 59. c4 bxc4 60. Kc3 Rb1 61. Rxa2 Rg1 62. Kxc4 Rxg2 63. Kd4 Rg3 64. c4 Rxh3 65. c5 Rh1 66. Rc2 Rd1+ 67. Kc4 Kf5 68. c6 Rd8 69. c7 Rc8 70. Kd5 Kg4 71. Kd6 f5 72. Rc4+ f4 73. Ke5 Re8+ 74. Kd4 Rc8 75. Ke5 f6+ 76. Kxf6 h3 77. Ke5 Re8+ 78. Kd4 h2 79. Rc1 f3 80. c8Q+ Rxc8 81. Rxc8 h1Q 82. Rg8+ Kf5 0-1

[Event "Rewal op-B 15th"]
[Site "Rewal"]
[Date "2010.08.23"]
[Round "4"]
[White "Ostrowska, Dominika"]
[Black "Szolc, Grzegorz"]
[Result "1-0"]
[WhiteElo "1927"]
[BlackElo "1700"]
[PlyCount "65"]
[EventDate "2010.08.18"]
[EventType "swiss"]
[EventRounds "9"]
[EventCountry "POL"]
[SourceTitle "EXT 2014"]
[Source "ChessBase"]
[SourceDate "2013.11.20"]
[SourceVersion "1"]
[SourceVersionDate "2013.11.20"]
[SourceQuality "1"]

1. e4 c5 2. Nf3 e6 3. d4 cxd4 4. Nxd4 Nc6 5. Nc3 Qc7 6. Be3 a6 7. Bd3 Nf6 8. 0-0 Nxd4 9. Bxd4 Bc5 10. Bxc5 Qxc5 11. Qe2 0-0 12. e5 Nd5 13. Ne4 Qb6 14. Qh5 h6 15. Nf6+ Nxf6 16. exf6 Qxb2 17. fxg7 Qxg7 18. f4 f5 19. Rae1 Rf6 20. Qf3 Rg6 21. Re2 Rb8 22. Qe3 b6 23. Bxf5 Rf6 24. Be4 d5 25. Bd3 b5 26. Rf3 Kf8 27. f5 Bb7 28. Rg3 Qe7 29. fxe6 Rd8 30. Bg6 Kg7 31. Bf7+ Kh8 32. Rh3 d4 33. Rxh6+ 1-0

[Event "POL-chT U19 41st"]
[Site "Ustron"]
[Date "2010.07.10"]
[Round "5"]
[White "Ostrowska, Dominika"]
[Black "Leks, Maria"]
[Result "0-1"]
[WhiteElo "1930"]
[BlackElo "2012"]
[PlyCount "130"]
[EventDate "2010.07.06"]
[EventType "team-tourn"]
[EventRounds "9"]
[EventCountry "POL"]
[SourceTitle "EXT 2019"]
[Source "ChessBase"]
[SourceDate "2018.10.10"]
[SourceVersion "1"]
[SourceVersionDate "2018.10.10"]
[SourceQuality "1"]
[WhiteTeam "Suwalki Hancza U19"]
[BlackTeam "Warszawa Polonia U19"]
[WhiteTeamCountry "POL"]
[BlackTeamCountry "POL"]

1. e4 d5 2. exd5 Nf6 3. d4 Nxd5 4. Nf3 g6 5. c4 Nb6 6. Nc3 Bg7 7. c5 Nd5 8. Bc4 c6 9. 0-0 0-0 10. Bg5 h6 11. Bh4 g5 12. Bg3 Nxc3 13. bxc3 b5 14. cxb6 axb6 15. Be5 b5 16. Bb3 Bf5 17. h4 e6 18. Bxg7 Kxg7 19. hxg5 hxg5 20. Qd2 g4 21. Qg5+ Qxg5 22. Nxg5 Kg6 23. f4 Nd7 24. Rfe1 Nf6 25. g3 Rh8 26. Kg2 Rh5 27. Rh1 Rxg5 28. fxg5 Be4+ 29. Kg1 Bxh1 30. Kxh1 Rh8+ 31. Kg2 Kxg5 32. Re1 Nd5 33. c4 bxc4 34. Bxc4 Rb8 35. Bb3 Rb4 36. Rc1 Rxd4 37. Rxc6 Rd2+ 38. Kh1 Ne3 39. Rc3 Nd1 40. Rc2 Rd3 41. Rc5+ Kf6 42. Rc4 Ne3 43. Rf4+ Ke7 44. Kg1 f5 45. Rb4 Nd5 46. Rb7+ Kd6 47. Kg2 e5 48. a4 f4 49. gxf4 exf4 50. a5 Ne3+ 51. Kg1 f3 52. Kf2 Nf5 53. Rb6+ Kc7 54. Rf6 g3+ 55. Ke1 g2 56. Rf7+ Kd8 57. Rf8+ Ke7 58. Rf7+ Ke8 59. Kf2 Rd2+ 60. Kg1 f2+ 61. Kxg2 Ne3+ 62. Kg3 f1Q 63. Rxf1 Nxf1+ 64. Kf4 Rd6 65. Bc4 Rd4+ 0-1

[Event "POL-chT U19 41st"]
[Site "Ustron"]
[Date "2010.07.06"]
[Round "1"]
[White "Ostrowska, Dominika"]
[Black "Labedz, Patrycja"]
[Result "0-1"]
[WhiteElo "1930"]
[BlackElo "2076"]
[PlyCount "81"]
[EventDate "2010.07.06"]
[EventType "team-tourn"]
[EventRounds "9"]
[EventCountry "POL"]
[SourceTitle "EXT 2019"]
[Source "ChessBase"]
[SourceDate "2018.10.10"]
[SourceVersion "1"]
[SourceVersionDate "2018.10.10"]
[SourceQuality "1"]
[WhiteTeam "Suwalki Hancza U19"]
[BlackTeam "Jaworzno JKSz MCKiS U19"]
[WhiteTeamCountry "POL"]
[BlackTeamCountry "POL"]

1. e4 c5 2. Nf3 a6 3. Nc3 b5 4. d4 cxd4 5. Nxd4 Bb7 6. Bd3 e6 7. 0-0 Bc5 8. Nb3 Be7 9. e5 Qc7 10. f4 Nc6 11. Kh1 Nh6 12. Be3 Nb4 13. Ne4 Nf5 14. Bc5 Bxc5 15. Nbxc5 Bd5 16. Qg4 h5 17. Qe2 h4 18. Kg1 Rh6 19. Rf2 Qa7 20. Qd2 Nxd3 21. cxd3 Rg6 22. Rc1 Kf8 23. Qe2 Rd8 24. Nd6 Nxd6 25. exd6 Qb6 26. f5 Rh6 27. Qe5 Rh5 28. d4 f6 29. Qe2 Rg5 30. fxe6 dxe6 31. Rcf1 Kf7 32. Qe3 Kg6 33. d7 Qc6 34. Qe2 Bc4 35. Qd2 Bxf1 36. Kxf1 h3 37. g3 Qh1+ 38. Ke2 Rg4 39. Qe3 Qd5 40. Rf4 Rg5 41. b3 0-1